000 00692nam a22002177a 4500
008 240706b mp ||||| |||| 00| 0 mon d
035 _a4223
040 _aBH0164090
_bmon
_cMN-UlNLM
_dMN-UlNLM
_erda
041 _amon
042 _a56055
084 _2NNA
_a30.606
_bД.27
100 _aДамдинсүрэн Д.
245 0 _aХудалдагчийн ажлын лавлах
264 _aУлаанбаатар
_bУлсын хэвлэлийн газар
_c1963
300 _a118х.
336 _2rdacontent
_atext
_btxt
337 _2rdamedia
_aunmediated
_bn
338 _2rdacarrier
_avolume
_bnc
650 _aХудалдагчийн ажлын лавлах
942 _2NNA
_cBK
999 _c1103583
_d1103640